Švejcarija-Rossija. Kontakty i razryvy 1813-1955 Documents tirés des Archives du Ministere des Affaires étrangeres de Russie et des Archives fédérales suisses
Gespeichert in:
| Format: | Buch |
|---|---|
| Sprache: | Französisch Deutsch Russisch |
| Veröffentlicht: |
Bern
Haupt
1994
|
| Ausgabe: | 1. éd. |
| Schlagworte: | |
| Tags: |
Keine Tags, Fügen Sie das erste Tag hinzu!
|
MARC
| LEADER | 00000nam a2200000 4500 | ||
|---|---|---|---|
| 001 | c018782 | ||
| 005 | 20221205141107.5 | ||
| 020 | |a 3-258-04727-8 | ||
| 041 | 0 | |a fre | |
| 041 | 0 | |a ger | |
| 041 | 0 | |a rus | |
| 044 | |a CH | ||
| 245 | 1 | 0 | |a Švejcarija-Rossija. Kontakty i razryvy 1813-1955 |b Documents tirés des Archives du Ministere des Affaires étrangeres de Russie et des Archives fédérales suisses |
| 250 | |a 1. éd. | ||
| 264 | 1 | |a Bern |b Haupt |c 1994 | |
| 300 | |a 853 s. | ||
| 610 | 2 | 0 | |a vzťahy politické medzinárodné |
| 610 | 2 | 0 | |a vzťahy hospodárske medzinárodné |
| 610 | 2 | 0 | |a dokumenty |
| 610 | 2 | 0 | |a dokumenty vládne |
| 610 | 2 | 0 | |a história |
| 610 | 2 | 0 | |a vývoj systémov |
| 610 | 2 | 0 | |a politika medzinárodná |
| 610 | 2 | 0 | |a politika zahraničná |
| 610 | 2 | 0 | |a politika zahraničnohospodárska |
| 610 | 2 | 0 | |a zmluvy medzinárodné |
| 610 | 2 | 0 | |a korešpondencia |
| 610 | 2 | 0 | |a dohody medzinárodné |
| 610 | 2 | 0 | |a diplomacia |
| 610 | 2 | 0 | |a Švajčiarsko |
| 610 | 2 | 0 | |a Rusko |